00826nam a2200241 i 4500003000900000005001700009008004100026040004300067082002300110100002500133245005800158250001500216264007400231300004000305336002400345337002800369338004300397546002000440650003200460651000600492700002900498856005700527EG-GICUC20260202094054.0260202s1969 le ||||fr|||| 000 0 eng d aEG-GiCUCbengcEG-GiCUCdEG-GiCUCeRda04221a341.28bSA . P0 aSami HadawieAuthor.10aPalestine in Focus / cSami Hadawi ; Yusif a. Sayigh. a4 Edition  1aBeirut : bPalestine Liberation Organization Research Center, c1969. a122page : billustration ;c 24 cm. 2rda contenua texte 2rda mediasaOrdinateur 2 transporteur rdaa Ressource en ligne aText in English14aPublic international law2 1 2 0 aYusif a. Sayigheeditor.40uhttps://fll.law.cu.edu.eg/fulltext/bks/B11-06577.pdf